000 00368nam a2200133 i 4500
001 bg
100 1 _aFURMAŃCZYK, Kazimierz
245 0 _aZarys fotointerpretacji z elementami fotogrametrii.
_nCz. 2,
_pRysunki, tabele /
_cKazimierz Furmańczyk.
260 _aGdańsk,
_c1972.
040 _cBPK
041 _apol
942 _cKS
008 s pl f |000 0 pol
999 _c279
_d279
856 _uhttp://koha.tu.koszalin.pl/cgi-bin/koha/opac-detail.pl?biblionumber=279
_yKatalog online BPK